[Event "London Classic Open 2018"]
[Site "London ENG"]
[Date "2018.12.10"]
[Round "2.59"]
[White "Mihailidou, Magdalini"]
[Black "Britton, Richard L"]
[Result "1/2-1/2"]
[BlackTitle "FM"]
[WhiteElo "1754"]
[BlackElo "2186"]
[WhiteFideId "25801236"]
[BlackFideId "401692"]
[EventDate "2018.12.09"]

1. e4 c5 2. Nf3 d6 3. d4 cxd4 4. Nxd4 Nf6 5. Nc3 a6 6. Qd3 e6 7. Bg5 Nbd7 8. Be2
b5 9. a3 Bb7 10. f4 Qb6 11. Bf3 Be7 12. f5 Ne5 13. Qe3 Nc4 14. Qf2 e5 15. Nb3
Qxf2+ 16. Kxf2 Rc8 17. Bc1 Nxa3 18. Rxa3 b4 19. Ra4 bxc3 20. bxc3 O-O 21. Bd2
Bc6 22. Rc4 Bb5 23. Rxc8 Rxc8 24. Ra1 Bd8 25. g4 Bb6+ 26. Kg3 Rc4 27. Re1 Bc6
28. Ra1 Nxe4+ 29. Bxe4 Bxe4 30. Rxa6 Bc7 31. Nc1 f6 32. Nd3 g6 33. fxg6 hxg6 34.
h4 Kf7 35. Ra1 Bd5 36. Rf1 Be6 37. Nf2 f5 38. gxf5 gxf5 39. h5 f4+ 40. Kh2 Kf6
41. Rg1 Bb6 42. Rg6+ Ke7 43. Nd3 Bf5 44. Rg7+ Kf6 45. h6 Rc7 46. Nb4 Rxg7 47.
Nd5+ Kf7 48. hxg7 Bc5 49. g8=Q+ Kxg8 50. Ne7+ Kf7 51. Nxf5 Kf6 52. Nh4 Kg5 53.
Kh3 e4 54. Ng2 e3 55. Bxe3 fxe3 1/2-1/2

[Event "London Classic Open 2018"]
[Site "London ENG"]
[Date "2018.12.10"]
[Round "2.61"]
[White "Zhao, Haolin"]
[Black "Longson, Sarah N"]
[Result "1/2-1/2"]
[BlackTitle "WFM"]
[WhiteElo "1765"]
[BlackElo "2137"]
[WhiteFideId "428680"]
[BlackFideId "2501465"]
[EventDate "2018.12.09"]

1. e4 e5 2. Nf3 Nc6 3. Bb5 a6 4. Bxc6 dxc6 5. O-O Bg4 6. h3 h5 7. d3 Qf6 8. Nbd2
g5 9. Nc4 Bxf3 10. Qxf3 Qxf3 11. gxf3 f6 12. h4 gxh4 13. f4 b5 14. Na5 exf4 15.
Bxf4 Kd7 16. Kg2 Ne7 17. Rh1 Rg8+ 18. Kf3 Ng6 19. Rag1 Bd6 20. Be3 h3 21. Nb7
Nh4+ 22. Ke2 Rxg1 23. Rxg1 Ng2 24. Nxd6 cxd6 25. Rh1 Nxe3 26. Kxe3 Rg8 27. Rxh3
Rg5 28. Kd4 c5+ 29. Ke3 a5 30. Kd2 Rg2 31. Rxh5 Rxf2+ 32. Kc3 b4+ 33. Kb3 a4+
34. Kxa4 Rxc2 35. Kb3 Rd2 36. Rd5 Kc6 37. a3 f5 38. Rxf5 Rxd3+ 39. Kc2 Re3 40.
axb4 cxb4 41. Rf4 Kc5 42. Kd2 Rh3 43. Rg4 Rh2+ 44. Kc1 b3 45. Rg5+ Kc4 46. Rd5
Rc2+ 47. Kb1 Re2 48. Kc1 Re1+ 49. Kd2 Rb1 50. Rxd6 Rxb2+ 51. Kc1 Re2 52. Rd1
Rxe4 53. Rh1 Re2 54. Kb1 Kc3 55. Rh3+ Kb4 56. Rh1 Ka3 57. Ka1 Rd2 1/2-1/2

[Event "London Classic Open 2018"]
[Site "London ENG"]
[Date "2018.12.10"]
[Round "2.62"]
[White "Gilmore, Samuel"]
[Black "Englisch, Colya"]
[Result "0-1"]
[WhiteElo "1575"]
[BlackElo "2105"]
[WhiteFideId "448354"]
[BlackFideId "36080420"]
[EventDate "2018.12.09"]

1. d4 d6 2. c4 e5 3. Nf3 e4 4. Nfd2 f5 5. Nc3 c6 6. e3 Nf6 7. Be2 Be7 8. a3 a5
9. b3 O-O 10. Bb2 Be6 11. Qc2 Nbd7 12. h3 d5 13. Rg1 Qc7 14. Na4 f4 15. O-O-O
fxe3 16. fxe3 Qg3 17. Rde1 Rfc8 18. c5 Bf7 19. Kb1 b6 20. cxb6 Qb8 21. g4 Nxb6
22. g5 Nfd7 23. Nxb6 Qxb6 24. Ref1 c5 25. Qd1 cxd4 26. exd4 a4 27. Bg4 Rc7 28.
Bxd7 Rxd7 29. Rg3 Bg6 30. Ka2 Qd6 31. Rfg1 axb3+ 32. Rxb3 Rda7 33. Rgg3 Qf4 34.
Rg4 Bh5 35. Rxf4 Bxd1 36. Rc3 Bxg5 0-1

[Event "London Classic Open 2018"]
[Site "London ENG"]
[Date "2018.12.10"]
[Round "2.63"]
[White "Frank, Tena"]
[Black "Bogner, Sebastian"]
[Result "1/2-1/2"]
[WhiteTitle "WFM"]
[BlackTitle "GM"]
[WhiteElo "1899"]
[BlackElo "2610"]
[WhiteFideId "4624297"]
[BlackFideId "4692055"]
[EventDate "2018.12.09"]

1. d4 Nf6 2. c4 g6 3. Nc3 Bg7 4. e4 d6 5. h3 O-O 6. Be3 c6 7. Nf3 Na6 8. Be2 e5
9. d5 Nh5 10. g3 f5 11. exf5 gxf5 12. Nxe5 Nxg3 13. Nxc6 Qe8 14. Rg1 bxc6 15.
Rxg3 f4 16. Rxg7+ Kxg7 17. Bd4+ Kg8 18. Kd2 Bf5 19. dxc6 Nc5 20. Bf3 Qg6 21.
Bd5+ Be6 22. Qf3 Rab8 23. Ne2 Rf5 1/2-1/2

[Event "London Classic Open 2018"]
[Site "London ENG"]
[Date "2018.12.10"]
[Round "2.64"]
[White "Rocco, Federico"]
[Black "Tombolis, Christopher"]
[Result "1-0"]
[WhiteElo "2244"]
[BlackElo "1898"]
[WhiteFideId "431362"]
[BlackFideId "433691"]
[EventDate "2018.12.09"]

1. e4 c5 2. Nf3 Nc6 3. d4 cxd4 4. Nxd4 Nf6 5. Nc3 g6 6. Nxc6 bxc6 7. e5 Nh5 8.
Bc4 e6 9. O-O Qh4 10. Qe2 d5 11. exd6 Bxd6 12. g3 Qe7 13. Bh6 Bb7 14. Ne4 Be5
15. Rad1 Nf6 16. f4 Nxe4 17. fxe5 Qc5+ 18. Be3 Qe7 19. Qf3 Nc5 20. Bg5 Qc7 21.
b4 Ba6 22. b5 Bb7 23. bxc6 h6 24. Rd7 Qxd7 25. cxd7+ Kxd7 26. Qxf7+ Kc6 27. Bxe6
Rhf8 28. Bd5+ Kb5 29. Rb1+ Ka4 30. Bb3+ Ka5 31. Qc7+ Kb5 32. c4+ Ka6 33. Qxc5
Rf1+ 34. Rxf1 1-0

[Event "London Classic Open 2018"]
[Site "London ENG"]
[Date "2018.12.10"]
[Round "2.65"]
[White "Marzano, Carlo"]
[Black "Cowan, Richard M"]
[Result "1-0"]
[WhiteElo "2222"]
[BlackElo "1894"]
[WhiteFideId "802980"]
[BlackFideId "419524"]
[EventDate "2018.12.09"]

1. d4 Nf6 2. c4 e6 3. Nf3 Bb4+ 4. Nbd2 O-O 5. a3 Be7 6. e4 d6 7. b4 a5 8. Bb2
axb4 9. axb4 Rxa1 10. Bxa1 d5 11. e5 Ne4 12. c5 f5 13. exf6 Bxf6 14. Bd3 Ng5 15.
O-O Nc6 16. Qb1 h5 17. Bc3 h4 18. Qd1 Qe8 19. b5 Ne7 20. Ne5 Bxe5 21. dxe5 Bd7
22. Qg4 Nh7 23. c6 bxc6 24. bxc6 Nxc6 25. Qxh4 g6 26. Qh6 Ne7 27. Bb4 Nf5 28.
Bxf5 Rxf5 29. Nf3 Rh5 30. Qe3 Qb8 31. Ba3 Rf5 32. Nh4 Rg5 33. h3 Kg7 34. g4 Qd8
35. Nf3 Bb5 36. Rb1 c6 37. Nd4 Qd7 38. f4 Qa7 1-0

[Event "London Classic Open 2018"]
[Site "London ENG"]
[Date "2018.12.10"]
[Round "2.66"]
[White "Lim, Zhuo Ren"]
[Black "Spina, Simonpietro"]
[Result "1-0"]
[WhiteTitle "FM"]
[WhiteElo "2184"]
[BlackElo "1881"]
[WhiteFideId "5702488"]
[BlackFideId "882453"]
[EventDate "2018.12.09"]

1. d4 Nf6 2. Nf3 e6 3. g3 d5 4. Bg2 Nbd7 5. O-O Bd6 6. c4 c6 7. Qc2 O-O 8. Nc3
dxc4 9. Nd2 Re8 10. Nxc4 Bc7 11. Rd1 Qe7 12. e4 e5 13. d5 Nb6 14. Ne3 Rd8 15. b3
Bd7 16. Bb2 Rac8 17. dxc6 Bxc6 18. Ncd5 Nbxd5 19. exd5 Bd7 20. Qd2 Bg4 21. Nxg4
Nxg4 22. Qe2 h5 23. h3 Nf6 24. Rac1 Bd6 25. Rc4 Rxc4 26. Qxc4 Nd7 27. Re1 Nb6
28. Qe2 h4 29. g4 Rc8 30. f4 f6 31. fxe5 fxe5 32. Be4 Qg5 33. Rf1 Rf8 34. Bf5
Kh8 35. Bc1 Qf6 36. g5 Qf7 37. g6 Bc5+ 38. Kh2 1-0

[Event "London Classic Open 2018"]
[Site "London ENG"]
[Date "2018.12.10"]
[Round "2.67"]
[White "Jina, Taran"]
[Black "Eche, Sylvain"]
[Result "1-0"]
[WhiteElo "1898"]
[BlackElo "2136"]
[WhiteFideId "426369"]
[BlackFideId "627194"]
[EventDate "2018.12.09"]

1. Nf3 Nf6 2. g3 g6 3. Bg2 Bg7 4. c4 O-O 5. Nc3 d5 6. cxd5 Nxd5 7. O-O c5 8. Qb3
e6 9. Rd1 Nc6 10. Qc4 Nd4 11. Nxd4 Nxc3 12. dxc3 cxd4 13. cxd4 e5 14. d5 Bd7 15.
Be3 Kh8 16. Rac1 Rc8 17. Qb3 b6 18. Qa3 a5 19. Qd6 Rb8 20. Rd2 Bf5 21. Qa3 b5
22. b4 a4 23. Rc5 Re8 24. Qb2 Bf8 25. Rc6 Bd7 26. Rc1 Bd6 27. Bc5 Qe7 28. Qc3
Rbc8 29. Qe3 Bf5 30. Rdd1 Red8 31. h4 f6 32. a3 Kg7 33. Bxd6 Qxd6 34. Rc5 e4 35.
Rxb5 Rc2 36. Rc1 Rdc8 37. Rxc2 Rxc2 38. Bxe4 Bxe4 39. Qxe4 Rc1+ 40. Kg2 Rd1 41.
Rc5 Kf7 42. h5 f5 43. Qc4 Kg7 44. Qc3+ Kh6 45. hxg6 hxg6 46. Qh8+ 1-0

[Event "London Classic Open 2018"]
[Site "London ENG"]
[Date "2018.12.10"]
[Round "2.68"]
[White "Orishko, Ostap"]
[Black "Bates, Caspar J"]
[Result "0-1"]
[WhiteElo "1897"]
[BlackElo "2113"]
[WhiteFideId "14136856"]
[BlackFideId "414760"]
[EventDate "2018.12.09"]

1. d4 Nf6 2. c4 e6 3. Nf3 Bb4+ 4. Bd2 Qe7 5. e3 b6 6. Bxb4 Qxb4+ 7. Qd2 Qe7 8.
Nc3 Bb7 9. Bd3 O-O 10. O-O-O d5 11. Rhe1 dxc4 12. Bxc4 a6 13. e4 b5 14. Bd3 Nbd7
15. e5 Nd5 16. Ng5 h6 17. Nge4 c5 18. dxc5 Nxc5 19. Nd6 Nxd3+ 20. Qxd3 Nxc3 21.
bxc3 Bd5 22. Kb2 Qh4 23. Qd4 Qxd4 24. cxd4 Bxg2 25. Rc1 f6 26. Rg1 Bh3 27. Rc7
g5 28. f4 fxe5 29. fxg5 Rf2+ 30. Kb3 h5 31. dxe5 Bg2 32. Rc2 Bd5+ 33. Kb2 Rxc2+
34. Kxc2 Rf8 35. Rd1 Rf2+ 36. Rd2 Rxd2+ 37. Kxd2 Bxa2 38. h4 b4 39. Nb7 Kg7 40.
Na5 Bd5 0-1

[Event "London Classic Open 2018"]
[Site "London ENG"]
[Date "2018.12.10"]
[Round "2.69"]
[White "Dahl, Baard"]
[Black "Vachtfeidl, Petr"]
[Result "1-0"]
[WhiteElo "2097"]
[BlackElo "1861"]
[WhiteFideId "444251"]
[BlackFideId "315028"]
[EventDate "2018.12.09"]

1. e4 e5 2. Nf3 Nc6 3. Bc4 Nf6 4. d3 Be7 5. O-O O-O 6. h3 d6 7. c3 a6 8. a4 Na5
9. Ba2 c5 10. Re1 Nc6 11. Nbd2 Be6 12. Bb1 h6 13. Nf1 b5 14. d4 cxd4 15. cxd4
exd4 16. Nxd4 Nxd4 17. Qxd4 Qc7 18. Ne3 Qc5 19. Qd3 g6 20. Nd5 Nxd5 21. exd5 Bh4
22. g3 Bf5 23. Qf3 Bxb1 24. Bxh6 Rfe8 25. Raxb1 Qb4 26. Rxe8+ Rxe8 27. gxh4 bxa4
28. Qf6 Re1+ 29. Kh2 Rxb1 30. Qg7# 1-0

[Event "London Classic Open 2018"]
[Site "London ENG"]
[Date "2018.12.10"]
[Round "2.70"]
[White "Newbry, Benjamin J"]
[Black "Lopez Gomez, Jose Pablo"]
[Result "0-1"]
[WhiteElo "1875"]
[BlackElo "2094"]
[WhiteFideId "30924634"]
[BlackFideId "5110645"]
[EventDate "2018.12.09"]

1. f4 d5 2. Nf3 g6 3. g3 Bg7 4. Bg2 Nf6 5. O-O O-O 6. d3 b6 7. c3 Bb7 8. Na3
Nbd7 9. Ne5 Ne8 10. Nac4 Nc5 11. d4 Ne4 12. Bxe4 dxe4 13. e3 f6 14. Ng4 Ba6 15.
b3 Qd5 16. Ba3 Rf7 17. Qe2 Nd6 18. Bxd6 cxd6 19. Nf2 Rc8 20. Rfc1 Qb7 21. Qc2 f5
22. Nb2 e5 23. Qd2 Rfc7 24. fxe5 dxe5 25. d5 b5 26. Rab1 Qb6 27. a4 Bh6 28. Nfd1
f4 29. axb5 fxe3 30. Qe2 Bxb5 31. c4 Bd7 32. Na4 Qd4 33. Ndc3 Qd3 34. Rc2 Bxa4
35. Nxa4 Rf7 36. Nc3 Rb8 37. Rd1 Qxe2 38. Nxe2 Rxb3 39. Nc3 Rxc3 40. Rxc3 e2 41.
Re1 Bd2 42. Rcc1 Be3+ 43. Kh1 Bxc1 44. Rxe2 e3 45. c5 Kf8 46. c6 Bd2 47. d6 Ke8
48. h4 Rf6 49. d7+ Kd8 50. h5 Rxc6 51. hxg6 Rxg6 52. Rh2 Rg7 53. Kg1 Kxd7 54.
Kf1 Rf7+ 55. Kg1 Kd6 56. g4 Kd5 57. g5 Kd4 58. Rh4+ e4 59. Rh6 e2 0-1

[Event "London Classic Open 2018"]
[Site "London ENG"]
[Date "2018.12.10"]
[Round "2.71"]
[White "Semprun Martinez, Fernando"]
[Black "Kupka, Kajetan"]
[Result "1-0"]
[WhiteElo "2091"]
[BlackElo "1818"]
[WhiteFideId "2203170"]
[BlackFideId "1134272"]
[EventDate "2018.12.09"]

1. e4 e5 2. Nf3 Nf6 3. Nxe5 d6 4. Nf3 Nxe4 5. c4 Nc6 6. d3 Nf6 7. d4 Bg4 8. Be3
d5 9. c5 Be7 10. Bb5 O-O 11. Bxc6 bxc6 12. Nbd2 Re8 13. Qa4 Qc8 14. Ne5 Qe6 15.
Qxc6 Qxc6 16. Nxc6 Bxc5 17. dxc5 d4 18. Nxd4 Nd5 19. O-O Nxe3 20. fxe3 Rxe3 21.
Rae1 Rae8 22. Kf2 1-0

[Event "London Classic Open 2018"]
[Site "London ENG"]
[Date "2018.12.10"]
[Round "2.73"]
[White "Head, Louise"]
[Black "Wei, Naomi"]
[Result "1-0"]
[WhiteTitle "WFM"]
[WhiteElo "2079"]
[BlackElo "1812"]
[WhiteFideId "424773"]
[BlackFideId "425850"]
[EventDate "2018.12.09"]

1. d4 Nf6 2. c4 e6 3. Nf3 d5 4. Nc3 Be7 5. cxd5 exd5 6. Bg5 c6 7. Qc2 g6 8. e3
Bf5 9. Bd3 Bxd3 10. Qxd3 Nbd7 11. O-O O-O 12. Rab1 a5 13. Nd2 Re8 14. f3 c5 15.
Qb5 Qc7 16. Rfe1 Bd6 17. Nf1 Kg7 18. Rbd1 Qc6 19. dxc5 Bxc5 20. Qd3 Re5 21. f4
Re6 22. Kh1 Ng4 23. Bh4 Be7 24. Bg3 Nb6 25. Nxd5 Nxd5 26. Qxd5 Qxd5 27. Rxd5 Bb4
28. Re2 Rae8 29. a3 Bf8 30. Rxa5 Nxe3 31. Nxe3 Rxe3 32. Rxe3 Rxe3 33. Bf2 Rd3
34. g3 Rd2 35. Bg1 1-0

[Event "London Classic Open 2018"]
[Site "London ENG"]
[Date "2018.12.10"]
[Round "2.74"]
[White "Liu, Cheng"]
[Black "Jyothilal, N."]
[Result "1-0"]
[WhiteElo "1840"]
[BlackElo "2078"]
[WhiteFideId "331059692"]
[BlackFideId "5002605"]
[EventDate "2018.12.09"]

1. d4 Nf6 2. c4 g6 3. f3 d5 4. cxd5 Nxd5 5. e4 Nb6 6. Be3 Bg7 7. Nc3 O-O 8. Rc1
Nc6 9. d5 Ne5 10. b3 c6 11. Nge2 cxd5 12. exd5 Bd7 13. Ne4 Bb5 14. Nf4 Bxf1 15.
Kxf1 Qd7 16. Nc5 Qf5 17. g4 Qf6 18. Ne4 Qh4 19. Bf2 Nxd5 20. Bxh4 Ne3+ 21. Ke2
Nxd1 22. Rhxd1 f5 23. Ne6 fxe4 24. Nxf8 exf3+ 25. Kf1 Bxf8 26. h3 Nc6 27. Rc3
Bg7 28. Rxf3 Nd4 29. Rfd3 e5 30. Bf2 Rf8 31. Kg2 Ne6 32. Be3 g5 33. Rd7 e4 34.
Re7 Rf6 35. Rxb7 Bf8 36. Rb5 Nf4+ 37. Kh1 Nxh3 38. Rf5 Rh6 39. Kg2 Nf4+ 40. Bxf4
gxf4 41. Rxf4 e3 42. Rd8 1-0

[Event "London Classic Open 2018"]
[Site "London ENG"]
[Date "2018.12.10"]
[Round "2.75"]
[White "Price, Gwilym"]
[Black "Shivika Rohilla"]
[Result "1-0"]
[WhiteElo "2075"]
[BlackElo "1780"]
[WhiteFideId "443980"]
[BlackFideId "45015414"]
[EventDate "2018.12.09"]

1. e4 e5 2. Nc3 Nf6 3. Bc4 Nxe4 4. Qh5 Nd6 5. Bb3 Be7 6. Nf3 O-O 7. h4 g6 8.
Qxe5 Re8 9. Kf1 Bf6 10. Qf4 Bxc3 11. dxc3 Re4 12. Qh2 h5 13. Bf4 b6 14. Bxd6
cxd6 15. Bd5 Ba6+ 16. Kg1 Rg4 17. Bxa8 Qf6 18. g3 Nc6 19. Bxc6 dxc6 20. Qg2 Bb7
21. Nh2 Rc4 22. f3 c5 23. Qf2 b5 24. Kg2 b4 25. Rhe1 bxc3 26. b3 Rb4 27. a3 Rb6
28. Re8+ Kg7 29. Rae1 Bc6 30. R8e7 a6 31. Qe3 Qd4 32. Rxf7+ Kxf7 33. Qe7+ Kg8
34. Qd8+ Kh7 35. Re7+ Qg7 36. Rxg7+ Kxg7 37. Qxb6 Bb5 38. Qxd6 c4 39. bxc4 Ba4
40. Qd4+ Kf7 41. Qxc3 Bc6 42. Qe5 Be8 43. Nf1 Kf8 44. Ne3 Kf7 45. Nd5 Ba4 46.
Qe7+ Kg8 47. Nf6+ Kh8 48. Qf8# 1-0

[Event "London Classic Open 2018"]
[Site "London ENG"]
[Date "2018.12.10"]
[Round "2.76"]
[White "Rohfleisch, Daniel"]
[Black "Prior, Stephen C V"]
[Result "1/2-1/2"]
[WhiteElo "1820"]
[BlackElo "2065"]
[WhiteFideId "12999881"]
[BlackFideId "423378"]
[EventDate "2018.12.09"]

1. e4 c5 2. c3 g6 3. Nf3 Bg7 4. d4 cxd4 5. cxd4 d5 6. exd5 Nf6 7. Bb5+ Nbd7 8.
Nc3 O-O 9. d6 exd6 10. O-O a6 11. Bd3 b5 12. Ne4 d5 13. Nd6 Nb6 14. Nxc8 Rxc8
15. Re1 Re8 16. Bg5 Qd6 17. Bxf6 Bxf6 18. Qd2 Nc4 19. Bxc4 dxc4 20. a3 Qd5 21.
Qf4 Bg7 22. h4 a5 23. Ne5 Rcd8 24. Rad1 Bxe5 25. dxe5 Qxd1 26. Rxd1 Rxd1+ 27.
Kh2 Rd5 28. a4 Rdxe5 29. axb5 Rxb5 30. Qxc4 Reb8 31. Qc3 a4 32. f4 Rxb2 33. h5
R2b5 34. hxg6 hxg6 35. Qa3 Rb4 36. g3 R8b5 37. f5 g5 38. Qc1 Rb2+ 39. Kh3 f6 40.
Qc8+ Kg7 41. Qd7+ Kf8 42. Qd8+ Kf7 43. Qd7+ Kf8 44. Qd8+ 1/2-1/2

[Event "London Classic Open 2018"]
[Site "London ENG"]
[Date "2018.12.10"]
[Round "2.77"]
[White "Nettleton, Charlie B"]
[Black "Day, Christopher"]
[Result "1-0"]
[WhiteElo "2059"]
[BlackElo "1761"]
[WhiteFideId "419710"]
[BlackFideId "2625326"]
[EventDate "2018.12.09"]

1. e4 c6 2. Nf3 d5 3. Nc3 Bg4 4. h3 Bxf3 5. Qxf3 e6 6. d3 Nf6 7. g3 Be7 8. Bg2
O-O 9. O-O Nbd7 10. Kh1 dxe4 11. dxe4 e5 12. b3 Qa5 13. a3 Rad8 14. Bb2 Rfe8 15.
Nd1 Bf8 16. Ne3 g6 17. Nc4 Qc7 18. Rfd1 Bg7 19. a4 Nh5 20. Ba3 c5 21. Bf1 Nf8
22. Ne3 Nf6 23. Bb5 Rxd1+ 24. Rxd1 Re7 25. Nd5 Nxd5 26. Rxd5 Ne6 27. c3 a6 28.
Bc4 Rd7 29. Qd3 Rxd5 30. exd5 Nf8 31. d6 Qc8 32. Kg2 Nd7 33. Qd5 Qc6 34. Qxc6
bxc6 35. Bxa6 Kf8 36. Bc8 Ke8 37. Bxd7+ Kxd7 38. Bxc5 Bf8 39. g4 f6 40. Kf3 h6
41. a5 Bxd6 42. Bxd6 Kxd6 43. Ke4 1-0

[Event "London Classic Open 2018"]
[Site "London ENG"]
[Date "2018.12.10"]
[Round "2.78"]
[White "Woltery, Nicolai"]
[Black "Olarasu, Iuliana"]
[Result "1-0"]
[WhiteElo "1817"]
[BlackElo "2058"]
[WhiteFideId "436887"]
[BlackFideId "1202103"]
[EventDate "2018.12.09"]

1. c4 e6 2. g3 d5 3. Bg2 Nf6 4. Nf3 Be7 5. O-O Nbd7 6. cxd5 exd5 7. d4 O-O 8. b3
Ne4 9. Bb2 Re8 10. Nbd2 Ndf6 11. Nxe4 Nxe4 12. Nd2 Nxd2 13. Qxd2 Bg4 14. e4 c6
15. h3 Bh5 16. f4 f6 1-0

[Event "London Classic Open 2018"]
[Site "London ENG"]
[Date "2018.12.10"]
[Round "2.79"]
[White "Coote, Trevor D"]
[Black "De Paolis, Fabrizio"]
[Result "1-0"]
[WhiteElo "2057"]
[BlackElo "1754"]
[WhiteFideId "410039"]
[BlackFideId "822027"]
[EventDate "2018.12.09"]

1. b3 d5 2. Bb2 e6 3. e3 f5 4. f4 Nf6 5. Nf3 Be7 6. Be2 Nbd7 7. O-O O-O 8. Qe1
a5 9. a4 b6 10. Nc3 c6 11. Nd4 Nb8 12. Nf3 Nbd7 13. Rd1 Qe8 14. Qg3 Nh5 15. Qh3
Nhf6 16. Nb1 Bd6 17. Ne5 Bxe5 18. fxe5 Ne4 19. d3 Ng5 20. Qg3 Nf7 21. h4 Qd8 22.
Nd2 g5 23. e4 f4 24. Rxf4 Kh8 25. hxg5 Qxg5 26. Qxg5 Nxg5 27. Rxf8+ Nxf8 28. Nf3
Nxf3+ 29. Bxf3 Ng6 30. c4 Bb7 31. exd5 cxd5 32. Bd4 Ba6 33. cxd5 exd5 34. Bxd5
Rd8 35. e6+ Kg8 36. e7+ 1-0

[Event "London Classic Open 2018"]
[Site "London ENG"]
[Date "2018.12.10"]
[Round "2.80"]
[White "Kirupakaran, Vishnu"]
[Black "Flear, Christine"]
[Result "0-1"]
[BlackTitle "WIM"]
[WhiteElo "1794"]
[BlackElo "2055"]
[WhiteFideId "443492"]
[BlackFideId "602604"]
[EventDate "2018.12.09"]

1. e4 c5 2. Nf3 g6 3. d4 cxd4 4. Nxd4 Bg7 5. c4 Nc6 6. Be3 Nf6 7. Nc3 Ng4 8.
Qxg4 Nxd4 9. O-O-O e5 10. Qg3 Qa5 11. Kb1 O-O 12. Bd3 a6 13. h4 h5 14. Nd5 Kh7
15. Rhf1 b5 16. b4 Qd8 17. cxb5 axb5 18. Bxd4 exd4 19. Bxb5 Bb7 20. Bc4 Bxd5 21.
Bxd5 Rb8 22. a3 d6 23. f4 d3 24. Rxd3 Qf6 25. e5 dxe5 26. fxe5 Qxf1+ 27. Ka2
Qe2+ 0-1

[Event "London Classic Open 2018"]
[Site "London ENG"]
[Date "2018.12.10"]
[Round "2.81"]
[White "Ratnesan, Ranesh"]
[Black "De Lagontrie, Jean"]
[Result "1-0"]
[WhiteElo "2055"]
[BlackElo "1742"]
[WhiteFideId "439339"]
[BlackFideId "605271"]
[EventDate "2018.12.09"]

1. d4 Nf6 2. c4 e5 3. dxe5 Ng4 4. Nf3 Nc6 5. Nc3 Bb4 6. Qc2 Ngxe5 7. Nxe5 Nxe5
8. a3 Be7 9. e3 O-O 10. Be2 d6 11. O-O f5 12. b4 c6 13. f4 Ng4 14. h3 Nh6 15.
Bb2 Bf6 16. Bd3 g6 17. Rae1 Be6 18. e4 Bd4+ 19. Kh1 Qh4 20. exf5 gxf5 21. Nd1
Bxb2 22. Qxb2 Rae8 23. Ne3 Qf6 24. Qxf6 Rxf6 25. Rf2 Rff8 26. Rfe2 Kf7 27. Kg1
b6 28. Kf2 Kf6 29. Kf3 Ng8 30. g4 fxg4+ 31. hxg4 h6 32. Rg1 Ne7 33. Rh2 Rh8 34.
Nf1 Bxg4+ 35. Rxg4 1-0

[Event "London Classic Open 2018"]
[Site "London ENG"]
[Date "2018.12.10"]
[Round "2.82"]
[White "Mazur, Maciej"]
[Black "Grigoryan, Meri"]
[Result "0-1"]
[BlackTitle "WFM"]
[WhiteElo "1772"]
[BlackElo "2054"]
[WhiteFideId "21031150"]
[BlackFideId "13300571"]
[EventDate "2018.12.09"]

1. e4 e5 2. Nf3 Nc6 3. Bb5 a6 4. Ba4 Nf6 5. O-O b5 6. Bb3 Bc5 7. d3 h6 8. c3 Bb6
9. Nbd2 O-O 10. a4 Ra7 11. h3 d6 12. Re1 Na5 13. Bc2 c5 14. d4 cxd4 15. cxd4
exd4 16. Nb3 Nxb3 17. Bxb3 Re8 18. Nxd4 Nxe4 19. Be3 Qf6 20. f3 Ng3 21. Nc2
Bxe3+ 22. Rxe3 Rae7 23. Rxe7 Rxe7 24. axb5 Ne2+ 25. Kf1 Bxh3 26. Qd5 Bxg2+ 0-1

[Event "London Classic Open 2018"]
[Site "London ENG"]
[Date "2018.12.10"]
[Round "2.83"]
[White "Gerlach, Felix Tobias"]
[Black "Islam, Mohammed"]
[Result "1-0"]
[WhiteElo "2050"]
[BlackElo "1725"]
[WhiteFideId "12957690"]
[BlackFideId "10211870"]
[EventDate "2018.12.09"]

1. Nf3 d5 2. g3 Nf6 3. Bg2 c5 4. O-O Nc6 5. d4 cxd4 6. Nxd4 e5 7. Nxc6 bxc6 8.
c4 Bb7 9. Qa4 Qd7 10. Rd1 Bc5 11. e3 O-O 12. cxd5 Rfd8 13. d6 Bxd6 14. b3 Qc7
15. Na3 Nd5 16. Bb2 a5 17. Rac1 Nb6 18. Qg4 Qe7 19. Nc4 Nxc4 20. Rxc4 Rac8 21.
Rdc1 c5 22. Bxb7 Qxb7 23. Qf5 Qe7 24. Ba3 Rc6 25. Qc2 Rdc8 26. Qc3 Qc7 27. Rd1
f6 28. Rd5 Be7 29. Qd2 Bd6 30. Bb2 Rd8 31. Bc3 Be7 32. Bxa5 Rxd5 33. Qxd5+ 1-0

[Event "London Classic Open 2018"]
[Site "London ENG"]
[Date "2018.12.10"]
[Round "2.84"]
[White "Harari, Zaki"]
[Black "Vignati, Massimo"]
[Result "1-0"]
[WhiteElo "2038"]
[BlackElo "1710"]
[WhiteFideId "2002639"]
[BlackFideId "851337"]
[EventDate "2018.12.09"]

1. e4 Nf6 2. e5 Nd5 3. c4 Nb6 4. d4 d6 5. f4 dxe5 6. fxe5 c5 7. d5 e6 8. Nc3
exd5 9. cxd5 c4 10. Nf3 Bb4 11. Bxc4 Bxc3+ 12. bxc3 Nxc4 13. Qa4+ Nd7 14. Qxc4
Nb6 15. Qb5+ Qd7 16. Qxd7+ Bxd7 17. d6 Rc8 18. Bd2 Nc4 19. Rb1 b5 20. Bf4 O-O
21. O-O h6 22. h4 Rfe8 23. Rfe1 Nb6 24. Rb3 a6 25. Be3 Nc4 26. Bd4 Re6 27. Bf2
Rce8 28. Bg3 Rc8 29. Nd4 Ree8 30. Kh2 Rc5 31. Nf3 Rcc8 32. Rbb1 Nb6 33. Rbc1 Nc4
34. Rcd1 Nb2 35. Rd2 Nc4 36. Rd4 Nb6 37. Rd3 Bf5 38. Rdd1 Rxc3 39. Rc1 Rxc1 40.
Rxc1 Nc4 41. a4 Bd7 42. axb5 axb5 43. Ra1 b4 44. Ra7 Be6 45. Rb7 b3 46. Nd4 Bd5
47. Rc7 Kf8 48. Nxb3 Nxd6 49. exd6 Bxb3 50. d7 1-0

[Event "London Classic Open 2018"]
[Site "London ENG"]
[Date "2018.12.10"]
[Round "2.85"]
[White "Skinner, Nicholas H"]
[Black "Ozturan, Cem"]
[Result "0-1"]
[WhiteElo "2028"]
[BlackElo "1707"]
[WhiteFideId "448060"]
[BlackFideId "6323502"]
[EventDate "2018.12.09"]

1. d4 Nf6 2. Nf3 d5 3. c4 g6 4. cxd5 Nxd5 5. e4 Nb6 6. Be2 Bg7 7. O-O O-O 8. Nc3
Nc6 9. Be3 e5 10. d5 Ne7 11. Qc2 c6 12. dxc6 Nxc6 13. Nb5 Nd4 14. Nfxd4 exd4 15.
Rfd1 dxe3 16. Rxd8 exf2+ 17. Kxf2 Rxd8 18. Rd1 Rxd1 19. Bxd1 Bd7 20. Nd6 Bc6 21.
Qb3 Rf8 22. Bf3 Be5 23. Qb4 Rd8 24. Nb5 Nc8 25. g3 a6 26. Na3 Nd6 27. Nc2 Nb5
28. a4 Nd4 29. Qa5 Re8 30. Ne3 Nxf3 31. Kxf3 Bxe4+ 32. Ke2 Bxb2 33. Qd2 Bg7 34.
Kf2 Bc6 35. Qb4 Re4 36. Nc4 b5 0-1